| 000 | 01386cam a2200313 a 4500 | ||
|---|---|---|---|
| 999 |
_c245 _d245 |
||
| 001 | .b30889716 | ||
| 003 | OCoLC | ||
| 005 | 20190802110715.0 | ||
| 008 | 990322s1999 enkbf b 001 0 eng d | ||
| 020 | _a0415171431 (pbk.) | ||
| 020 | _a9780415171434 (pbk.) | ||
| 040 |
_aUKM _cUKM _dOUN |
||
| 042 | _anbic | ||
| 043 | _aa-my--- | ||
| 082 | 0 | _a320.959 MIL | |
| 100 | 1 |
_aMilne, R. S. _d1919- _q(Robert Stephen), _eauthor |
|
| 245 | 1 | 0 |
_aMalaysian politics under Mahathir / _cR.S. Milne and Diane K. Mauzy. |
| 260 |
_aLondon ; _aNew York : _bRoutledge, _c1999. |
||
| 300 |
_axvii, 225 p., [2] p. of plates : _bmaps ; _c24 cm. |
||
| 490 | 1 | _aPolitics in Asia series. | |
| 504 | _aIncludes bibliographical references (p. [189]-209) and index. | ||
| 505 | 0 | _aIntroduction : leadership in Malaysia -- 1. Malaysia : how Mahathir came to power -- 2. Mahathir's assertion of executive power -- 3. The economy and development -- 4. Containing ethnic discontent -- 5. Human rights -- 6. Foreign policy -- 7. The succession to Mahathir : Anwar Ibrahim -- 8. Mahathir as prime minister. | |
| 600 | 0 | 0 |
_aMahathir bin Mohamad, _d1925- |
| 651 | 0 |
_aMalaysia _xPolitics and government. |
|
| 700 | 1 |
_aMauzy, Diane K., _d1942- _eauthor |
|
| 830 | 0 | _aPolitics in Asia series. | |
| 856 | 4 | 2 |
_uhttp://catdir.loc.gov/catdir/enhancements/fy0649/99222809-d.html _zPublisher description |
| 942 |
_2ddc _cNFIC |
||